000 00677cam a22002171 4500
001 ca 36000180
003 DLC
005 20260227111140.0
008 890621s1936 mau 000 0 eng
010 _aca 36000180
035 _a(OCoLC)19904000
040 _aDLC
_cRPB
_dDLC
050 0 0 _aPN6120.A5
_bH524
082 _a812.5
100 1 _aHewitt, Barnard,
_d1906-
245 1 4 _aThe Cocklepfiefer case;
_ba burlesque mystery drama,
_cby Barnard Hewitt and Judson Genung.
260 _aBoston, Mass.,
_aLos Angeles, Calif.
_b[Walter H. Baker Company,
_cc1936]
300 _a20 p.
_c19 cm.
490 0 _aBakers̕ plays for amateurs
700 1 _aGenung, Judson,
_ejoint author.
999 _c18025
_d18025